|
|
|
|
| LEADER |
00000nkm a2200000 a 4500 |
| 001 |
vtls010238998 |
| 003 |
SK-MaSNL |
| 005 |
20260302045122.0 |
| 007 |
kf co |
| 008 |
231214q1949 xo g kuslo |
| 015 |
|
|
|a SNBG
|
| 035 |
|
|
|a 9C4E8417-B5C9-4E87-AFAE-581D3D6E75F1
|
| 035 |
|
|
|a urn:nbn:sk:snk-km007al4
|
| 035 |
|
|
|a urn:nbn:sk:snk-kmtj87
|
| 040 |
|
|
|a SNK
|b slo
|c SNK
|e AACR2
|
| 041 |
0 |
|
|a slo
|
| 043 |
|
|
|a e-xo---
|
| 044 |
|
|
|a xo
|c SK
|
| 080 |
|
|
|a 615.838
|2 2001
|
| 080 |
|
|
|a 913(437.6)
|2 2001
|
| 080 |
|
|
|a (089.7)
|2 2001
|
| 245 |
0 |
0 |
|a Zo série: Deň brigádnika na TM
|h grafika
|
| 260 |
|
|
|a Hronská Dúbrava
|b SSM-HŠBTM
|c [1949?]
|
| 300 |
|
|
|a 1 pohľadnica
|b farebná
|c 10 x 15 cm
|
| 500 |
|
|
|a Súčasťou pohľadnice je žartovná básnička: Hej, stáť-kto tam? Vandrák dáky, ...
|
| 520 |
8 |
|
|a Zobrazenie: strážca barákov na Trati mládeže s namierenou puškou na vandráka s krčahom
|
| 650 |
0 |
7 |
|a kreslený humor
|2 SNKPH
|9 1766
|
| 651 |
|
7 |
|a Hronská Dúbrava - Banská Štiavnica (Slovensko : železničná trať)
|2 SNKPH
|9 186337
|
| 655 |
|
7 |
|a pohľadnice
|2 SNKPH
|9 70741
|
| 852 |
|
|
|a Slovenská národná knižnica
|
| 958 |
|
|
|a GC
|
| 958 |
|
|
|a GBN
|
| 958 |
|
|
|a OND
|
| 999 |
|
|
|c 1092421
|d 1094351
|
| 952 |
|
|
|a SNK
|b SNK
|y PREZ
|7 0
|p 17A0693046
|o snkSP 2979/a
|0 0
|1 0
|4 0
|d 2011-02-23
|f 1
|l 0
|r 2026-02-24 17:02:10
|w 2026-02-24
|